Beginning VB.NET XML /
Contenido: ¿Por qué utilizar XML con VB.NET?; Revisión de XML; XML con .NET en detalle; Lectura de XML con .NET; Escritura de XML con .NET; Puesta en marcha de DOM en .NET; XPath y .NET; XSLT; XSLT en .NET; Esquema de XML: antecedentes, lenguaje y uso general; Esquema de XML y .NET; XML y ADO.NET; S...
Furkejuvvon:
| Váldodahkki: | |
|---|---|
| Eará dahkkit: | |
| Materiálatiipa: | Girji |
| Giella: | eaŋgalasgiella |
| Almmustuhtton: |
Birmingham, Inglaterra :
Wrox,
2002, c2002
|
| Ráidu: | (Programmer to Programmer Wrox)
|
| Fáttát: | |
| Fáddágilkorat: |
Eai fáddágilkorat, Lasit vuosttaš fáddágilkora!
|
MARC
| LEADER | 00000nam^a2200000^a^4500 | ||
|---|---|---|---|
| 001 | 000145118 | ||
| 005 | 20250521000000.0 | ||
| 009 | 20260310095825.227 | ||
| 020 | |a 1-86100-778-7 | ||
| 037 | |a Acervo ITESO - Biblioteca | ||
| 041 | |a ING | ||
| 082 | |a 005. 133 |b FRA | ||
| 100 | |a Fraser, Stewart |e (autor) | ||
| 245 | 1 | 0 | |a Beginning VB.NET XML / |c S. Fraser, S. Livingstone. |
| 264 | 4 | |a Birmingham, Inglaterra : |b Wrox, |c 2002, c2002 | |
| 300 | |a IX, 721 p. | ||
| 336 | |a texto |b txt |2 rdacontenido | ||
| 337 | |a sin mediación |b n |2 rdamedio | ||
| 338 | |a volumen |b nc |2 rdasoporte | ||
| 440 | 1 | |a (Programmer to Programmer Wrox) | |
| 520 | |a Contenido: ¿Por qué utilizar XML con VB.NET?; Revisión de XML; XML con .NET en detalle; Lectura de XML con .NET; Escritura de XML con .NET; Puesta en marcha de DOM en .NET; XPath y .NET; XSLT; XSLT en .NET; Esquema de XML: antecedentes, lenguaje y uso general; Esquema de XML y .NET; XML y ADO.NET; Servicios de web; Estudio de caso: un portal simple de noticias; Referencia de esquemas de tipos de datos; Soporte para XML. | ||
| 649 | |a XX | ||
| 650 | |a Internet | ||
| 650 | |a Páginas en Línea | ||
| 650 | |a Bases de Datos | ||
| 650 | |a Cómputo Distribuido | ||
| 650 | |a Redes de Computadoras | ||
| 650 | |a Comunicación en Red | ||
| 650 | |a Telecomunicaciones | ||
| 650 | |a Lenguajes de Programación | ||
| 650 | |a Programación (Software) | ||
| 650 | |a Ingeniería Computacional | ||
| 700 | |a Livingstone, Steven |e (autor) | ||
| 910 | |a Fondo General | ||
| 920 | |a Impresos - Libros | ||
| 930 | |a Colección General | ||
| 905 | |a 101 | ||
| 901 | |a 0500074606 |b IT1 |c ACC |u 20250521 | ||
| 902 | |a https://opac.biblio.iteso.mx/vufind/Record/000145118 | ||